Normen
| Formato: | Desconocido |
|---|---|
| Lenguaje: | alemán |
| Materias: | |
| Acceso en línea: | Acceso restringido |
MARC
| LEADER | 00000ny a22000003n 4500 | ||
|---|---|---|---|
| 005 | 20110517134421.0 | ||
| 008 | 100909s2010 gw 000 0 ger d | ||
| 035 | |a 4965 | ||
| 040 | |a BUS |d vLex | ||
| 080 | |a 34(430)(05) | ||
| 090 | |c 2032 |d 2032 | ||
| 245 | 0 | 0 | |a Normen |h [Recurso electrn̤ico] |
| 256 | |a Servicio en ln̕ea | ||
| 650 | 0 | 4 | |a Derecho |z Alemania |x Publicaciones perid̤icas |
| 740 | 0 | |a vLex Revista (Servicios en ln̕ea) | |
| 843 | |a Electrn̤ica. Abierta | ||
| 853 | |8 1 |i (year) |j (month) |k (day) | ||
| 856 | 4 | 0 | |z Acceso restringido |u http://vlex.com/source/normen-4965 |
| 942 | |c REV | ||